000 00694nam a22001817a 4500
999 _c186534
_d186534
005 20220308152427.0
010 _aENG-131879
020 _a9789353885212
_c1395.00
035 _aEN-1154011
037 _bDBAD/PUB
082 _a333.3154
_b1
100 _aNayak,Pradeep
245 _aLand Reforms to Land Titling:
_bEmerging Paradigms of Land Governance in india/
_cPradeep Nayak
260 _bSAGE Publications India Pvt Ltd
_a New Delhi
_c2021
270 _aB1/1-1 Mohan Cooperative Industrial Area Mathura Road
_b New Delhi
_e110044
_mwww.sagepub.in
300 _axvii,345p.
_c22 cm(hbk)
_bGlossary ,About the Author ,Bibliography, Index
942 _2ddc
_cEN
_h333.3154
_mNAY